00320pam a2200121 a 4500020000500000041000500005082001000010100004100020245006200061250001400123260005300137300000800190 c h a658.3 aEDWARDS (Tony)/ REES (Chris)eauthor aInternational Human Resource ManagementhTextual Document a5th Impr. bPearson Education Delhi, Harlow, Singaporec2011 a330